| 000 | 00479nam a22001697a 4500 | ||
|---|---|---|---|
| 008 | 230808b |||||||| |||| 00| 0 eng d | ||
| 040 |
_aNational Science Library _cNational Science Library |
||
| 080 | _a616-008(05) | ||
| 245 | _aAdvances in metabolic disorders | ||
| 260 |
_aNew York: _bAcademic Press, _c1971 |
||
| 300 | _axiii, 374p. | ||
| 500 | _a | ||
| 650 | _aMetabolic disorder | ||
| 700 | _aLevine, Rachmiel (Ed.) | ||
| 700 | _aLuft, Rolf (Ed.) | ||
| 942 |
_2udc _cBK |
||
| 999 |
_c63545 _d63545 |
||